000 00652cam a2200241u 4500
001 6966672
003 Nust
005 20220831102855.0
008 830118s1951 enk 000 0 eng
010 _a 51035504
020 _a9788129102850
_cRs. 260
038 _aArshad
040 _aDLC
_cCarP
_dDLC
050 0 0 _aPZ4.C388
_bPai
_aPR6053.E3
082 _a823
_bCEC
100 1 _aCecil, Henry,
_d1902-1976.
_911931
245 1 4 _aThe Painswick line.
260 _aLondon,
_bChapman & Hall,
_c1951.
300 _a218 p.
_c19 cm.
655 7 _aLegal stories.
_2gsafd
_9935
906 _a0
_bcbc
_cpremunv
_du
_encip
_f19
_gy-gencatlg
942 _2ddc
_cBK
999 _c173344
_d173344